00971 am a2200241 a 450000500170000000800410001702000140005804100080007209200180008011000210009824501130011925000110023226000380024330000100028150001510029159000890044265300210053165300240055293000080057694200120058499900130059695201200060920231221083216.0101006s1999||||ag d f |||| 000 0 spa d a989675258 aspa c610.7l2sAFA1 aAFACIMERA.91378 aEducación médica. Desafíos y tendencias. bT.1 El contexto sanitario y socio-económico /cAFACIMERA. a1a ed. aBuenos Aires: bAFACIMERA;c1999. a94 p. aAFACIMERA. (1999) Educación médica. Desafíos y tendencias. T.1 El contexto sanitario y socio-económico. (1a ed.) Buenos Aires : AFACIMERA. aAFACIMERA: Asociación de Facultades de Ciencias Medicas de la Republica Argentina. aCiencias Medicas aFormación docente a360 2ddccBK c795d795 00102ddc4070aBFMbBFMcCRd2011-05-13l0o610.7 2 AFAp360r2014-11-06tej.1w2011-05-13yBKzHemeroteca 2022f